000 00854nam a2200229 i 4500
001 7429
003 ES-MaACL
005 20230906145231.0
007 t|
008 901228s1990 sp ||||1| spa d
020 _a84-369-1838-X
080 _a371.87(464.1)Resid. Estudiantes
080 _a378.18(464.1)Resid. Estudiantes
100 1 _aPérez-Villanueva Tovar, Isabel.
_991212
245 1 3 _aLa Residencia de Estudiantes
_b: grupos universitario y de señoritas : Madrid, 1910-1936 /
_cIsabel Perez-Villanueva Tovar.
260 _aMadrid :
_bMinisterio de Educacion y Ciencia,
_c1990.
300 _a389 p., [28] p. de fot. ;
_c30 cm.
504 _aBibliogr.: p. 369-381.
610 2 _aResidencia de Estudiantes (Madrid)
_96437
710 1 _aEspaña.
_bMinisterio de Educación y Ciencia.
_93864
852 _aES-MaACL
_jL-14702
_bR.118673
_z. - rust.
999 _c7429
_d7429